The assassination of John F. Kennedy: [a complete book of facts; dates, places, people]

Guardado en:  
Detalles Bibliográficos
Autores principales: Duffy, James P. 1941- (Autor) ; Ricci, Vincent L. (Autor)
Tipo de documento: Print Libro
Lenguaje:Inglés
Publicado: New York Thunder's Mouth Press 1992
En:Año: 1992
Disponibilidad en Tübingen:Disponible en Tübingen.
UB: KB 19 A 6990
Verificar disponibilidad: HBZ Gateway
Servicio de pedido Subito: Pedir ahora.
Palabras clave:

MARC

LEADER 00000cam a2200000 c 4500
001 1633828735
003 DE-627
005 20251225204058.0
007 tu
008 990112s1992 xxu||||| 00| ||eng c
020 |a 1560250429  |9 1-56025-042-9 
035 |a (DE-627)1633828735 
035 |a (DE-576)072132450 
035 |a (DE-599)BSZ072132450 
035 |a (OCoLC)25915011 
035 |a (OCoLC)313217423 
040 |a DE-627  |b ger  |c DE-627  |e rakwb 
041 |a eng 
044 |c XD-US 
050 0 |a E842.9 
082 0 |a 364.1/524/0973 
100 1 |a Duffy, James P.  |d 1941-  |0 (DE-588)1241353123  |0 (DE-627)1770891897  |4 aut 
109 |a Duffy, James P. 1941- 
245 1 4 |a The assassination of John F. Kennedy  |b [a complete book of facts; dates, places, people]  |c James P. Duffy and Vincent L. Ricci 
264 1 |a New York  |b Thunder's Mouth Press  |c 1992 
300 |a XIX, 538 S.  |b Ill. 
336 |a Text  |b txt  |2 rdacontent 
337 |a ohne Hilfsmittel zu benutzen  |b n  |2 rdamedia 
338 |a Band  |b nc  |2 rdacarrier 
500 |a Includes bibliographical references (p. 525-534) 
500 |a Filmography: p. 535-537 
583 1 |a Archivierung prüfen  |c 20200919  |f DE-640  |z 1  |2 pdager 
653 0 |a Kennedy, John F  |a (John Fitzgerald)  |a 1917-1963  |a Assassination 
689 0 0 |d p  |0 (DE-588)118561383  |0 (DE-627)155255460  |0 (DE-576)208986596  |a Kennedy, John F.  |d 1917-1963  |2 gnd 
689 0 1 |d s  |0 (DE-588)4040235-6  |0 (DE-627)106224611  |0 (DE-576)209038853  |a Mord  |2 gnd 
689 0 |5 (DE-627) 
700 1 |a Ricci, Vincent L.  |4 aut 
889 |w (DE-627)111660629 
935 |i mdedup 
951 |a BO 
ELC |b 1 
LOK |0 000 xxxxxcx a22 zn 4500 
LOK |0 001 3287976168 
LOK |0 003 DE-627 
LOK |0 004 1633828735 
LOK |0 005 20010212000000 
LOK |0 008 990112||||||||||||||||ger||||||| 
LOK |0 040   |a DE-21  |c DE-627  |d DE-21 
LOK |0 852   |a DE-21 
LOK |0 852 1  |c KB 19 A 6990  |9 00 
LOK |0 935   |a krim 
LOK |0 936ln  |a k10.8 
LOK |0 939   |a 12-01-99  |b l01 
ORI |a SA-MARC-krimdoka001.raw 
SIG |a UB: KB 19 A 6990